000 00708nam a2200217Ii 4500
003 JO-AjNU
008 230605s9999||||xx |||||||||||||| ||und||
017 _a1981/595
040 _aJO-AjNU
_bara
_erda
_cJO-AjNU
041 _aara
050 1 4 _aLC65.H2 1981
100 3 _aالحبيب، مصدق جميل,
_eauthor
_939359
245 0 0 _aالتعليم والتنمية الإقتصادية
264 3 1 _aبغداد:وزارة الثقافة والإعلام،1981
300 _a367ص
336 _atext
_btxt
_2rdacontent
337 _aunmediated
_bn
_2rdamedia
338 _avolume
_bnc
_2rdacarrier
490 0 _aسلسلة دراسات 261
650 4 _aتعليم-تنمية إقتصادية
_939360
999 _aA16616
_c20184
_d20184